Проектирование технологического оборудования и линий: учебное пособие

Dades bibliogràfiques
Autor principal: Ковалевский В. И. Виталий Иванович
Sumari:В учебном пособии изложены основы и структура современного проектирования машин, даны основные понятия и определения, связанные с теорией и практикой проектирования. Уделено внимание традиционным частям конструкторских работ, которые необходимы при создании технологических и других машин: стандартизации, унификации, нормализации, технологичности конструкции, выбору конструкторских баз, размерному анализу, системе простановки размеров, назначению допусков, шеро­ховатости поверхностей и т.п.Издание предназначено для студентов, изучающих дисциплины, связанные с про­ектированием технологического оборудования и линий. Может быть полезно в кур­совом и дипломном проектировании, при разработке проектно-конструкторской до­кументации.
Idioma:rus
Publicat: Санкт-Петербург, ГИОРД, 2016
Edició:2-е изд., испр. и доп.
Matèries:
Format: MixedMaterials Llibre
KOHA link:https://koha.lib.tpu.ru/cgi-bin/koha/opac-detail.pl?biblionumber=316366

MARC

LEADER 00000nam0a2200000 4500
001 316366
005 20231102002853.0
010 |a 9785988791379 
035 |a (RuTPU)RU\TPU\book\341804 
090 |a 316366 
100 |a 20160318d2016 m y0rusy50 ca 
101 0 |a rus 
102 |a RU 
105 |a a j 001zy 
200 1 |a Проектирование технологического оборудования и линий  |e учебное пособие  |f В. И. Ковалевский 
205 |a 2-е изд., испр. и доп. 
210 |a Санкт-Петербург  |c ГИОРД  |d 2016 
215 |a 344 с.  |c ил. 
320 |a Библиогр.: с. 344 
330 |a В учебном пособии изложены основы и структура современного проектирования машин, даны основные понятия и определения, связанные с теорией и практикой проектирования. Уделено внимание традиционным частям конструкторских работ, которые необходимы при создании технологических и других машин: стандартизации, унификации, нормализации, технологичности конструкции, выбору конструкторских баз, размерному анализу, системе простановки размеров, назначению допусков, шеро­ховатости поверхностей и т.п.Издание предназначено для студентов, изучающих дисциплины, связанные с про­ектированием технологического оборудования и линий. Может быть полезно в кур­совом и дипломном проектировании, при разработке проектно-конструкторской до­кументации. 
606 1 |a Пищевые предприятия  |x Оборудование  |x Качество  |x Конструкция и расчет  |2 stltpush  |3 (RuTPU)RU\TPU\subj\33593  |9 55787 
610 1 |a пищевое производство 
610 1 |a технологическое оборудование 
610 1 |a линии 
610 1 |a проектирование 
610 1 |a конструирование 
610 1 |a сборка 
610 1 |a размерный анализ 
610 1 |a точность 
610 1 |a детали машин 
610 1 |a машины 
610 1 |a поверхности 
610 1 |a стандартизация 
610 1 |a пищевое машиностроение 
610 1 |a учебное проектирование 
610 1 |a учебные пособия 
675 |a 663/664(075.8)  |v 4 
700 1 |a Ковалевский  |b В. И.  |g Виталий Иванович 
801 1 |a RU  |b 63413507  |c 20160318 
801 2 |a RU  |b 63413507  |c 20160519  |g RCR 
900 |a Проектирование технологического оборудования 
942 |c BK 
951 |l 8.2 
959 |a 31/20160318  |d 3  |e 2150,00  |f ЧЗТЛ:1  |f УФ:2